Kairos : confessions of a gay priest /

Gespeichert in:
Bibliographische Detailangaben
1. Verfasser: Sherwood, Zalmon (Verfasst von)
Format: Buch
Sprache:Englisch
Veröffentlicht: Boston : Alyson, 1987
Tags: Tag hinzufügen
Keine Tags, Fügen Sie das erste Tag hinzu!

MARC

LEADER 00000nam a22000007i 4500
001 IT\ICCU\UBO\3523461
003 ItRI
005 20260115231831.0
008 081113s1987 xxu|||||| ||||| |||||c
020 |a 1555831028 
040 |b ita  |c importazione bologna sebina 
041 7 |a eng  |2 ISO-639-2 
100 1 |a Sherwood, Zalmon  |0 IT\ICCU\RMSV\041920  |4 aut 
245 1 0 |a Kairos :  |b confessions of a gay priest /  |c Zalmon O. Sherwood. 
260 |a Boston :  |b Alyson,  |c 1987 
300 |a 141 p. :  |b 22 cm. 
942 |2 ddc  |c BK  |n 0 
952 |0 0  |1 0  |4 0  |6 DOC_283_092000000000000_SHE  |7 0  |9 13818  |a BO  |b BO  |d 2026-01-15  |i 2483  |l 0  |o DOC 283.092 SHE  |p BO2483  |r 2026-01-15 23:18:31  |w 2026-01-15  |x [Sebina 5] [1 v. (2. copia)]  |y BK  |z 1 v. (2. copia) 
952 |0 0  |1 0  |4 0  |6 DOC_283_092000000000000_SHE  |7 0  |9 13819  |a BO  |b BO  |d 2026-01-15  |i 1566  |l 0  |o DOC 283.092 SHE  |p BO1566  |r 2026-01-15 23:18:31  |w 2026-01-15  |x [Sebina 5] [1 v.]  |y BK  |z 1 v. 
999 |c 11893  |d 11893